| Tag |
First Indicator |
Second Indicator |
Subfields |
| LEADER |
00000cam a2200000 a 4500 |
| 001 |
in00000004673 |
| 007 |
he bmb024baca |
| 008 |
990607e199901 ilua bbt f000 0 eng d |
| 005 |
20230331144324.7 |
| 035 |
|
|
|a (OCoLC)ocm42757715
|
| 035 |
|
|
|9 AJH5111AM
|
| 035 |
|
|
|a in00000004673
|
| 040 |
|
|
|d GPO
|d DLC
|d MvI
|d UtOrBLW
|
| 043 |
|
|
|a n-us---
|
| 049 |
|
|
|a UMIC
|a WWW
|
| 074 |
|
|
|a 0335-A (MF)
|
| 074 |
|
|
|a 0335-A (online)
|
| 086 |
0 |
|
|a D 103.53:99/23
|
| 245 |
0 |
0 |
|a Energy supply options for modernizing Army heating systems /
|c Michael K. Brewer [and others].
|
| 264 |
|
1 |
|a [Champaign, Ill.] :
|b US Army Corps of Engineers, Construction Engineering Research Laboratories ;
|c [1998]
|
| 264 |
|
2 |
|a [Springfield, Va.] :
|b [National Technical Information Service, distributor],
|
| 300 |
|
|
|a 73 pages :
|b illustrations ;
|c 28 cm.
|
| 336 |
|
|
|a text
|b txt
|2 rdacontent
|
| 337 |
|
|
|a microform
|b h
|2 rdamedia
|
| 338 |
|
|
|a microfiche
|b he
|2 rdacarrier
|
| 490 |
1 |
|
|a USACERL technical report ;
|v 99/23
|
| 500 |
|
|
|a Shipping List #: 99-0511-M
|
| 500 |
|
|
|a Shipping List Date: 05/28/99
|
| 513 |
|
|
|a Final.
|
| 500 |
|
|
|a Cover title.
|
| 500 |
|
|
|a Shipping list number: 99-0511-M.
|
| 500 |
|
|
|a "January 1999."
|
| 504 |
|
|
|a Includes bibliographical references (pages 47-50).
|
| 536 |
|
|
|d 4A162784AT45,
|d UL-XC7.
|
| 533 |
|
|
|a Microfiche.
|b [Washington, D.C.] :
|c Supt. of Docs., U.S. G.P.O.,
|d [1999]
|e 1 microfiche : negative.
|
| 530 |
|
|
|a Also available via Internet from the Construction Engineering Research Laboratories web site. Addresses as of 1/18/2000: http://owww.cecer.army.mil/techreports/bre%5Fest%5Fulu/BRE%5FEST%5FULU.post.pdf; current access is available via PURL.
|
| 500 |
|
|
|a Microform.
|
| 650 |
|
0 |
|a Heating from central stations
|z United States.
|
| 610 |
1 |
0 |
|a United States.
|b Army
|x Facilities
|x Heating and ventilation.
|
| 700 |
1 |
|
|a Brewer, Michael K.
|
| 710 |
2 |
|
|a Construction Engineering Research Laboratories (U.S.)
|
| 830 |
|
0 |
|a USACERL technical report ;
|v 99/23.
|
| 856 |
4 |
1 |
|u https://purl.fdlp.gov/GPO/LPS2941
|z Adobe Acrobat reader required
|z PURL accesses list of CERL technical reports from which a link may be made to the title desired
|t 0
|
| 999 |
|
|
|a MARS
|
| 999 |
f |
f |
|i 49dd01cc-24ad-39f3-86d0-c03a08b5b61f
|s 01345e65-a8df-3fac-8aea-b7244d93d41f
|t 0
|
| 952 |
f |
f |
|p normal
|a Texas A&M University
|b College Station
|c Sterling C. Evans Library
|d Evans: US Documents Microfiche (3rd floor)
|t 0
|e D 103.53:99/23
|h Superintendent of Documents classification
|i microform -- microfiche
|m A14824494498
|
| 952 |
f |
f |
|a Texas A&M University
|b College Station
|c Electronic Resources
|d Available Online
|t 0
|e D 103.53:99/23
|h Superintendent of Documents classification
|
| 998 |
f |
f |
|a D 103.53:99/23
|t 0
|l Evans: US Documents Microfiche (3rd floor)
|
| 998 |
f |
f |
|a D 103.53:99/23
|t 0
|l Available Online
|